000 00363nam a22001577a 4500
003 OSt
005 20240321120054.0
008 170717b xxu||||| |||| 00| 0 eng d
020 _a0070664684
040 _cSEROSOFT
100 _aPAPOULIS ATHANASIOS
245 _aSIGNAL ANALYSIS
260 _aNEW DELHI
_bMC GRAW HILL
_c2014
300 _a431
942 _2ddc
_c03
999 _c35884
_d35884